<?xml version="1.0" encoding="UTF-8"?><?xml-stylesheet type="text/xsl" href="static/style.xsl"?><OAI-PMH xmlns="http://www.openarchives.org/OAI/2.0/" xmlns:xsi="http://www.w3.org/2001/XMLSchema-instance" xsi:schemaLocation="http://www.openarchives.org/OAI/2.0/ http://www.openarchives.org/OAI/2.0/OAI-PMH.xsd"><responseDate>2026-04-27T07:06:42Z</responseDate><request verb="GetRecord" identifier="oai:uvadoc.uva.es:10324/62894" metadataPrefix="marc">https://uvadoc.uva.es/oai/request</request><GetRecord><record><header><identifier>oai:uvadoc.uva.es:10324/62894</identifier><datestamp>2025-03-26T19:45:18Z</datestamp><setSpec>com_10324_5262</setSpec><setSpec>com_10324_5186</setSpec><setSpec>com_10324_29291</setSpec><setSpec>col_10324_62891</setSpec></header><metadata><record xmlns="http://www.loc.gov/MARC21/slim" xmlns:doc="http://www.lyncode.com/xoai" xmlns:xsi="http://www.w3.org/2001/XMLSchema-instance" xmlns:dcterms="http://purl.org/dc/terms/" xsi:schemaLocation="http://www.loc.gov/MARC21/slim http://www.loc.gov/standards/marcxml/schema/MARC21slim.xsd">
<leader>00925njm 22002777a 4500</leader>
<datafield tag="042" ind1=" " ind2=" ">
<subfield code="a">dc</subfield>
</datafield>
<datafield tag="720" ind1=" " ind2=" ">
<subfield code="a">Sánchez Lamelas, Ana</subfield>
<subfield code="e">author</subfield>
</datafield>
<datafield tag="260" ind1=" " ind2=" ">
<subfield code="c">2023</subfield>
</datafield>
<datafield tag="520" ind1=" " ind2=" ">
<subfield code="a">En nuestro sistema jurídico administrativo es perfectamente posible, de hecho es habitual, que se ordene la demolición de una vivienda o edificación, bien por una Administración o bien por un órgano judicial contencioso-administrativo, sin dar audiencia en ningún momento a su propietario. Así ocurre con total normalidad cuando el propietario no coincide con el promotor, titular de la licencia, sino que se trata de un tercer adquirente.</subfield>
</datafield>
<datafield tag="024" ind2=" " ind1="8">
<subfield code="a">Revista de Estudios Europeos; Núm. 82 (2023) pags. 262-284</subfield>
</datafield>
<datafield tag="024" ind2=" " ind1="8">
<subfield code="a">2530-9854</subfield>
</datafield>
<datafield tag="024" ind2=" " ind1="8">
<subfield code="a">https://uvadoc.uva.es/handle/10324/62894</subfield>
</datafield>
<datafield tag="024" ind2=" " ind1="8">
<subfield code="a">10.24197/ree.82.2023.262-284</subfield>
</datafield>
<datafield tag="024" ind2=" " ind1="8">
<subfield code="a">262</subfield>
</datafield>
<datafield tag="024" ind2=" " ind1="8">
<subfield code="a">82</subfield>
</datafield>
<datafield tag="024" ind2=" " ind1="8">
<subfield code="a">284</subfield>
</datafield>
<datafield tag="245" ind1="0" ind2="0">
<subfield code="a">Las órdenes de derribo y el derecho de defensa de los terceros adquirentes de buena fe a la luz de la jurisprudencia del TEDH. Sentencias del TEDH de 14 de junio de 2022 (Asunto nº 43604/18, Cruz García c. España) y de 10 de enero de 2017 (Asunto nº 39433</subfield>
</datafield>
</record></metadata></record></GetRecord></OAI-PMH>